| 000 | 00478nam a22001937a 4500 | ||
|---|---|---|---|
| 003 | LK-CoDNM | ||
| 005 | 20241002094125.0 | ||
| 008 | 241002b |||||||| |||| 00| 0 eng d | ||
| 040 |
_aLK-CoDNM _dLK-CoDNM _eLK-CoDNM |
||
| 041 | _aeng | ||
| 080 |
_a104 _bKK3 |
||
| 100 | _aHammerton j.a | ||
| 245 |
_aWonders of the past _bVolume iiI |
||
| 300 | _a1248p. : ill ; 28 cm | ||
| 650 | _aHammerton j.a | ||
| 650 | _aWonders of the past | ||
| 650 | _a104 kk3 | ||
| 942 | _cBK | ||
| 999 |
_c217218 _d217218 |
||